Central Library OPAC University of Rajshahi

Library networks, promise and performance : (Record no. 856)

MARC details
000 -LEADER
fixed length control field 00977cam a2200265 4500
001 - CONTROL NUMBER
control field 856
003 - CONTROL NUMBER IDENTIFIER
rucl marc code BD-RjUL
005 - DATE AND TIME OF LATEST TRANSACTION
control field 20211208233235.0
008 - FIXED-LENGTH DATA ELEMENTS--GENERAL INFORMATION
fixed length control field 131123s1969 ilu b 100 0 eng
035 ## - SYSTEM CONTROL NUMBER
System control number (BD-RjUL)878
040 ## - CATALOGING SOURCE
Original cataloging agency DLC
Transcribing agency DLC
Modifying agency DLC
-- (BD-RjUL)
Language of cataloging eng
041 ## - LANGUAGE CODE
Language code of text/sound track or separate title eng
082 00 - DEWEY DECIMAL CLASSIFICATION NUMBER
Classification number 021.640973
Edition number 21
Author mark and year LIB 1969
245 00 - TITLE STATEMENT
Title Library networks, promise and performance :
Remainder of title the thirty-third conference of the Graduate Library School, July 29-31, 1968. /
Statement of responsibility, etc. Edited by Leon Carnovsky.
260 ## - PUBLICATION, DISTRIBUTION, ETC. (IMPRINT)
Place of publication, distribution, etc. Chicago :
Name of publisher, distributor, etc. University of Chicago Press,
Date of publication, distribution, etc. 1969.
300 ## - PHYSICAL DESCRIPTION
Pagination v, 110 p. ;
Size 25 cm.
500 ## - GENERAL NOTE
General note "Papers ... published originally in the Library quarterly, January 1969."
504 ## - BIBLIOGRAPHY, ETC. NOTE
Bibliography, etc Bibliographical footnotes.
650 #0 - SUBJECT ADDED ENTRY--TOPICAL TERM
Topical term or geographic name as entry element Library cooperation
Geographic subdivision United States
General subdivision Congresses.
9 (RLIN) 2558
700 1# - ADDED ENTRY--PERSONAL NAME
Personal name Carnovsky, Leon,
Dates associated with a name 1903-
Relator term ed.
942 ## - ADDED ENTRY ELEMENTS (KOHA)
Source of classification or shelving scheme Dewey Decimal Classification
Koha item type Books
Holdings
Lost status Source of classification or shelving scheme Damaged status Not for loan Collection code Permanent Location Current Location Shelving location Date acquired Source of acquisition Cost, normal purchase price Total Checkouts Full call number Date last seen Copy number Koha item type
  Dewey Decimal Classification   Not For Loan Non-fiction Central Library, University of Rajshahi Central Library, University of Rajshahi Reading Room 16/12/1970 Sweets and Zeitlinger. 43.00   021.640973 LIB 1969 23/11/2013 C-2 Books
  Dewey Decimal Classification   Not For Loan Non-fiction Central Library, University of Rajshahi Central Library, University of Rajshahi Reading Room   N/A 0.00   021.640973 LIB 1969 29/12/2016 C-1 Books